| 000 | 01310nam a2200241Ia 4500 | ||
|---|---|---|---|
| 999 |
_c52512 _d52512 |
||
| 001 | 19535 | ||
| 003 | GE_BSU | ||
| 005 | 20200224170433.0 | ||
| 008 | 181216s1983||||ge |||||||||||||| ||geo|| | ||
| 040 | _cGE_BSU | ||
| 041 | _ageo | ||
| 080 | _a091(=353.1) მ-90 | ||
| 245 |
_aმრავალთავი ფილოლოგიურ - ისტორიული ძიებანი X = Мравалтави / _cსარედ. კოლ. ც. აბულაძე, მ. მამაცაშვილი და სხვ. ; მთავ. რედ. ე. მეტრეველი, ტომის რედ. ე. მეტრეველი. |
||
| 264 |
_aთბილისი : _bმეცნიერება, _c1983 |
||
| 300 |
_a305 გვ. ; _c26 სმ. |
||
| 520 | _aეძღვნება ილია აბულაძის დაბადებიდან 80 წლისთავს | ||
| 541 | _h5ლ. | ||
| 653 | _aქართული ენა | ||
| 653 | _aქართული ენის ისტორია | ||
| 700 |
_aმეტრეველი, ე. _eრედაქტორი _91788 |
||
| 710 |
_aსაქ. სსრ მეცნ. აკად. კ. კეკლიძის ხელნაწერთა ინ-ტი _97402 |
||
| 942 |
_cBK _2udc |
||